| 000 | 00469nam a22001817a 4500 | ||
|---|---|---|---|
| 003 | NUST - PNEC | ||
| 005 | 20170116180949.0 | ||
| 008 | 150908b xxu||||| |||| 00| 0 eng d | ||
| 020 | _a0471837997 | ||
| 020 | _a0471838128 | ||
| 040 | _cLIBRARY | ||
| 082 | _a005.42 FAR | ||
| 100 |
_99057 _a Farkas, Daniel |
||
| 245 |
_a UNIX for programmers : an introduction _cFarkas, Daniel |
||
| 260 | _cc.1988 | ||
| 650 |
_99061 _aUNIX (Computer file) _xMIS |
||
| 942 |
_2ddc _cBK |
||
| 999 |
_c66367 _d66367 |
||